[Event "XXIII Festival A"]
[Site "Porto San Giorgio ITA"]
[Date "2011.08.25"]
[Round "6"]
[White "Bisi, Samuele"]
[Black "Suppa, Ercole"]
[Result "0-1"]
[WhiteElo "1977"]
[BlackElo "2123"]
[PlyCount "94"]
[EventDate "2011.08.21"]

1. d4 c5 2. d5 f5 3. c4 g6 4. Nc3 Nf6 5. Nf3 Bg7 6. g3 O-O 7. Bg2 Na6 8. O-O d6
9. Rb1 Nc7 10. b3 Rb8 11. Bb2 a6 12. e3 b5 13. Ne2 e5 14. dxe6 Nxe6 15. Qd3 Bb7
16. Nc3 b4 17. Nd5 Nxd5 18. cxd5 Ng5 19. Nxg5 Qxg5 20. Bxg7 Kxg7 21. f4 Qf6 22.
e4 Rbe8 23. Rbe1 Bc8 24. Qc4 fxe4 25. Bxe4 Re7 26. Re2 Rfe8 27. Bf3 Rxe2 28.
Bxe2 Qb2 29. Rf2 a5 30. Bf1 Qa1 31. Qb5 Re1 32. Kg2 Bf5 33. h3 h5 34. Qa6 Qf6
35. Qc4 Qe7 36. Re2 Rxe2+ 37. Bxe2 Qe3 38. g4 Be4+ 39. Kf1 hxg4 40. hxg4 Qxf4+
41. Ke1 Qe3 42. Qb5 Bf3 43. Qd7+ Kh6 44. g5+ Kxg5 45. Qd8+ Kg4 46. Qd7+ Kh4 47.
Qd8+ g5 0-1

[Event "XXIII Festival A"]
[Site "Porto San Giorgio ITA"]
[Date "2011.08.25"]
[Round "6"]
[White "Bondielli, Giorgio"]
[Black "Barnabei, Stefano"]
[Result "1/2-1/2"]
[WhiteElo "1885"]
[BlackElo "1759"]
[PlyCount "46"]
[EventDate "2011.08.21"]

1. e4 d5 2. exd5 Qxd5 3. Nc3 Qa5 4. d4 c6 5. Bd2 Qc7 6. Bd3 Nf6 7. Nf3 Bg4 8.
h3 Bh5 9. g4 Bg6 10. Qe2 Bxd3 11. Qxd3 Nbd7 12. O-O-O e6 13. Rhe1 O-O-O 14. Qc4
Bd6 15. Ng5 Nb6 16. Qb3 h6 17. Nge4 Nxe4 18. Nxe4 Bf4 19. Bxf4 Qxf4+ 20. Qe3
Nd5 21. Qxf4 Nxf4 22. Re3 Rhf8 23. c3 b6 1/2-1/2

[Event "XXIII Festival A"]
[Site "Porto San Giorgio ITA"]
[Date "2011.08.25"]
[Round "6"]
[White "Bonghi, Alessandro"]
[Black "Della Sala, Bruno"]
[Result "0-1"]
[WhiteElo "1939"]
[BlackElo "1818"]
[PlyCount "44"]
[EventDate "2011.08.21"]

1. e4 e5 2. Nf3 Nc6 3. Bb5 a6 4. Ba4 f5 5. d3 fxe4 6. dxe4 Nf6 7. Bg5 d6 8. Bb3
Na5 9. c3 Be7 10. Nbd2 h6 11. Bxf6 Bxf6 12. Nxe5 Bxe5 13. Qh5+ Kd7 14. Nf3 Qf6
15. Rd1 Kc6 16. Bd5+ Kb6 17. O-O c6 18. b4 cxd5 19. bxa5+ Ka7 20. Rxd5 g6 21.
Qh4 Qxh4 22. Nxh4 Be6 0-1

[Event "XXIII Festival A"]
[Site "Porto San Giorgio ITA"]
[Date "2011.08.25"]
[Round "6"]
[White "Borgiani, Flavio"]
[Black "Fierro Baquero, Martha Lorena"]
[Result "0-1"]
[WhiteElo "2156"]
[BlackElo "2381"]
[PlyCount "88"]
[EventDate "2011.08.21"]

1. d4 g6 2. Nf3 Bg7 3. c4 c5 4. Nc3 cxd4 5. Nxd4 Nc6 6. e3 Nf6 7. Be2 O-O 8.
O-O d5 9. cxd5 Nxd5 10. Ndb5 Nxc3 11. Nxc3 Qa5 12. Qb3 Rd8 13. a3 Rb8 14. f4
Be6 15. Bc4 Bxc4 16. Qxc4 e6 17. Ne4 Rbc8 18. Qe2 Qd5 19. Nf2 Na5 20. Rd1 Qc6
21. Rd3 Rxd3 22. Qxd3 Qc2 23. Bd2 Nb3 24. Rd1 Bxb2 25. Bb4 Qxd3 26. Nxd3 Bc3
27. Rb1 Bxb4 28. Rxb3 Bd2 29. Rxb7 Bxe3+ 30. Kf1 Rc2 31. h3 Rd2 32. Rb3 h5 33.
g3 Bd4 34. Ne5 Bxe5 35. fxe5 Ra2 36. g4 hxg4 37. hxg4 g5 38. Rh3 Kg7 39. Rh5
Kg6 40. Rh3 Rd2 41. Re3 Rd4 42. Ke2 Rxg4 43. Kf3 Kf5 44. Rb3 Ra4 0-1

[Event "XXIII Festival A"]
[Site "Porto San Giorgio ITA"]
[Date "2011.08.25"]
[Round "6"]
[White "Borino, Paolo"]
[Black "Cafaro, Luca"]
[Result "1-0"]
[WhiteElo "1917"]
[BlackElo "1774"]
[PlyCount "51"]
[EventDate "2011.08.21"]

1. f4 d5 2. Nf3 Bg4 3. e3 e6 4. b3 Nf6 5. Bb2 Bd6 6. h3 Bxf3 7. Qxf3 Ne4 8. h4
Be7 9. g3 Bf6 10. c3 Nc6 11. Bb5 Qd7 12. g4 g6 13. g5 Bg7 14. Na3 a6 15. Bd3
Nc5 16. Bc2 Nb4 17. Ke2 Nxc2 18. Nxc2 Qb5+ 19. c4 dxc4 20. Na3 Qd7 21. Bxg7
Qd3+ 22. Ke1 Ne4 23. Bxh8 Qxd2+ 24. Kf1 Qd3+ 25. Kg1 O-O-O 26. Nxc4 1-0

[Event "XXIII Festival A"]
[Site "Porto San Giorgio ITA"]
[Date "2011.08.25"]
[Round "6"]
[White "Boscolo, Federico"]
[Black "Stella, Andrea"]
[Result "1/2-1/2"]
[WhiteElo "2210"]
[BlackElo "2412"]
[PlyCount "184"]
[EventDate "2011.08.21"]

1. e4 c5 2. c3 d5 3. exd5 Qxd5 4. d4 Nf6 5. Nf3 e6 6. Na3 Nc6 7. Nc2 cxd4 8.
Ncxd4 Bc5 9. Bb5 Bd7 10. Nxc6 Qxd1+ 11. Kxd1 bxc6 12. Ba4 Ne4 13. Ke2 Nxf2 14.
Rf1 Ne4 15. Ne5 f6 16. Bxc6 Bxc6 17. Nxc6 Rc8 18. Na5 Bb6 19. Nb3 Nd6 20. Rd1
Ke7 21. a4 a5 22. Nd4 e5 23. Nb5 Nxb5 24. axb5 Rc5 25. b4 Rxb5 26. bxa5 Rxa5
27. Rxa5 Bxa5 28. Ba3+ Ke6 29. Rd6+ Kf5 30. c4 Rd8 31. Ra6 Bc3 32. c5 Ke4 33.
Bc1 Bd4 34. Ra7 Rg8 35. Ba3 Kd5 36. Rd7+ Kc6 37. Rd6+ Kb5 38. Rb6+ Kc4 39. Rb7
Ra8 40. c6 Kd5 41. c7 Rc8 42. Bf8 Kc6 43. Rb1 g6 44. Be7 f5 45. Bd8 Bb6 46.
Rc1+ Kd7 47. Rd1+ Ke6 48. Rc1 Ba5 49. h4 Bb4 50. h5 gxh5 51. Rh1 Bd6 52. Rc1
Be7 53. Rd1 h4 54. Kf3 h6 55. Ke3 Bg5+ 56. Ke2 Bf4 57. Kf3 Bg5 58. Ke2 e4 59.
Rd4 Bf4 60. Rc4 Kd5 61. Rc2 Bg5 62. Rb2 Kc6 63. Rb8 Kd7 64. Rb5 f4 65. Re5 e3
66. Kf3 Kd6 67. Re4 Bxd8 68. cxd8=R+ Rxd8 69. Kxf4 Rg8 70. Kxe3 Rxg2 71. Rxh4
Rg6 72. Rh5 Ke6 73. Kf4 Kf6 74. Rh4 Kf7 75. Kf5 Rg5+ 76. Kf4 Kg6 77. Rg4 Kh5
78. Rxg5+ hxg5+ 79. Kg3 g4 80. Kg2 Kh4 81. Kh2 g3+ 82. Kg2 Kg4 83. Kg1 Kf3 84.
Kf1 Kg4 85. Kg2 Kf4 86. Kg1 Kf5 87. Kg2 Kg4 88. Kg1 Kf4 89. Kg2 Kg4 90. Kg1 Kh3
91. Kh1 g2+ 92. Kg1 Kg3 1/2-1/2

[Event "XXIII Festival A"]
[Site "Porto San Giorgio ITA"]
[Date "2011.08.25"]
[Round "6"]
[White "Boscolo, Marco"]
[Black "Viviani, Alessio"]
[Result "1-0"]
[WhiteElo "2166"]
[BlackElo "1958"]
[PlyCount "67"]
[EventDate "2011.08.21"]

1. e4 d6 2. d4 g6 3. Nc3 Bg7 4. Be3 a6 5. a4 Nf6 6. Qd2 O-O 7. Bh6 Bxh6 8. Qxh6
c5 9. dxc5 dxc5 10. f3 Nc6 11. h4 Nd4 12. O-O-O b5 13. h5 b4 14. Nb1 Qc7 15.
Bc4 Nxh5 16. Nd2 Qe5 17. g4 Qg7 18. Qe3 Nf6 19. Nh3 Nd7 20. Ng5 h6 21. Nxf7
Rxf7 22. Bxf7+ Kxf7 23. Rxh6 Nf8 24. Rdh1 e5 25. f4 exf4 26. Qxf4+ Ke8 27. Kb1
Be6 28. Rh8 Bg8 29. Qd6 Qf7 30. b3 Qg7 31. Qxc5 Rd8 32. Nc4 Bxc4 33. Qxc4 Nde6
34. Qxe6+ 1-0

[Event "XXIII Festival A"]
[Site "Porto San Giorgio ITA"]
[Date "2011.08.25"]
[Round "6"]
[White "Burani, Eugenio"]
[Black "Del Nevo, Claudio"]
[Result "1-0"]
[WhiteElo "1943"]
[BlackElo "1831"]
[PlyCount "123"]
[EventDate "2011.08.21"]

1. e4 d6 2. d4 Nf6 3. Nc3 c6 4. a4 a5 5. Bc4 g6 6. Qe2 Bg7 7. e5 dxe5 8. dxe5
Nd5 9. Nxd5 cxd5 10. Bb5+ Nc6 11. Bf4 O-O 12. O-O-O e6 13. h4 f6 14. exf6 Qxf6
15. Bd6 Qxb2+ 16. Kd2 Qc3+ 17. Kc1 Qb2+ 18. Kd2 Bh6+ 19. f4 Bxf4+ 20. Bxf4 Rxf4
21. Bd3 Qb4+ 22. Kc1 Qc3 23. Bb5 Nb4 24. Kb1 Qa3 25. Rh3 Qa2+ 26. Kc1 Qa1+ 27.
Kd2 Qb2 28. Rc3 Rd4+ 29. Bd3 Rxd3+ 30. Rxd3 Qxc2+ 31. Ke1 Nxd3+ 32. Rxd3 Qxa4
33. Nf3 Bd7 34. Rd4 Qa1+ 35. Kf2 Rf8 36. Qe3 Qb2+ 37. Kg3 a4 38. h5 Qb1 39. Nh4
Rf1 40. Nf3 Qf5 41. hxg6 hxg6 42. Rf4 Qb1 43. Qc5 Rxf3+ 44. Rxf3 Qe1+ 45. Kh2
Qh4+ 46. Kg1 Qh8 47. Qc7 Qa1+ 48. Kh2 Qh8+ 49. Rh3 Qxh3+ 50. gxh3 Bc6 51. Qc8+
Kf7 52. Qc7+ Kf6 53. Qf4+ Ke7 54. Qe5 b5 55. Qc7+ Bd7 56. Qc5+ Kd8 57. h4 Ke8
58. Kg3 Kf7 59. Kf4 Be8 60. Kg5 Bd7 61. Qc7 Ke7 62. Kxg6 1-0

[Event "XXIII Festival A"]
[Site "Porto San Giorgio ITA"]
[Date "2011.08.25"]
[Round "6"]
[White "Calandri, Fausto"]
[Black "Vezzosi, Paolo"]
[Result "0-1"]
[WhiteElo "2118"]
[BlackElo "2355"]
[PlyCount "62"]
[EventDate "2011.08.21"]

1. e4 c5 2. Nf3 Nc6 3. d4 cxd4 4. Nxd4 Qb6 5. Nb3 Nf6 6. Nc3 e6 7. Be3 Qc7 8.
a3 a6 9. Be2 b5 10. O-O Be7 11. f4 d6 12. Bf3 Bb7 13. Qe1 O-O 14. Qf2 Rac8 15.
Nd4 Nxd4 16. Bxd4 e5 17. Be3 Qb8 18. Rae1 Rc4 19. Bc1 Qc7 20. Qe2 h6 21. Kh1
Rc8 22. g3 b4 23. axb4 Rxb4 24. Qg2 a5 25. Rf2 a4 26. Na2 Rc4 27. c3 Qa5 28.
Rfe2 Qb5 29. Nb4 a3 30. Rd2 Rxb4 31. cxb4 a2 0-1

[Event "XXIII Festival A"]
[Site "Porto San Giorgio ITA"]
[Date "2011.08.25"]
[Round "6"]
[White "Caldarola, Stefano"]
[Black "Di Misa, Salvatore"]
[Result "0-1"]
[WhiteElo "1809"]
[BlackElo "1957"]
[PlyCount "74"]
[EventDate "2011.08.21"]

1. d4 d5 2. c4 e5 3. dxe5 d4 4. a3 a5 5. Nf3 c5 6. g3 Nc6 7. Bg2 Nge7 8. O-O
Ng6 9. Nbd2 Be7 10. Qc2 O-O 11. Rd1 Qc7 12. Ne4 Ncxe5 13. Nxe5 Nxe5 14. Bf4 f5
15. Nd2 Bd6 16. Bxe5 Bxe5 17. f4 Bf6 18. Qd3 Re8 19. Nf1 a4 20. Qc2 Bd7 21.
Bd5+ Kh8 22. Bf7 Re7 23. Bh5 g6 24. Bf3 Rae8 25. Rd2 Bc6 26. Rad1 Bxf3 27. exf3
Qc6 28. Kf2 Re3 29. Rd3 Qxf3+ 30. Kg1 Rxd3 31. Qxd3 Qxd3 32. Rxd3 Re2 33. Rd2
d3 34. b3 Bd4+ 35. Kh1 axb3 36. Rxd3 b2 37. Rd1 Rc2 0-1

[Event "XXIII Festival A"]
[Site "Porto San Giorgio ITA"]
[Date "2011.08.25"]
[Round "6"]
[White "Carletti, Davide M."]
[Black "Tortolini, Francesco"]
[Result "1-0"]
[WhiteElo "1726"]
[BlackElo "1918"]
[PlyCount "60"]
[EventDate "2011.08.21"]

1. e4 d5 2. exd5 Qxd5 3. Nc3 Qa5 4. d4 Nf6 5. Bd2 c6 6. Bc4 Bf5 7. Nf3 Nbd7 8.
Qe2 e6 9. d5 Nxd5 10. Nxd5 Qd8 11. O-O-O cxd5 12. Bxd5 Qc7 13. Nd4 Rc8 14. Bc3
Nb6 15. Nxf5 Qf4+ 16. Ne3 exd5 17. Qb5+ Ke7 18. g3 Qh6 19. f4 Rxc3 20. Nxd5+
Nxd5 21. Rhe1+ Kf6 22. bxc3 Ba3+ 23. Kb1 Rd8 24. Rxd5 Rxd5 25. Qxd5 g5 26. Qe5+
Kg6 27. f5+ Kh5 28. g4+ Kxg4 29. Rg1+ Kh5 30. Qe2+ g4 1-0

[Event "XXIII Festival A"]
[Site "Porto San Giorgio ITA"]
[Date "2011.08.25"]
[Round "6"]
[White "Certic, Branimir"]
[Black "Marinone, Lucio"]
[Result "1/2-1/2"]
[WhiteElo "2402"]
[BlackElo "2002"]
[PlyCount "55"]
[EventDate "2011.08.21"]

1. c4 e5 2. g3 d6 3. Bg2 f5 4. d3 Be7 5. Nc3 Nf6 6. e3 c6 7. Nge2 Na6 8. f4 Be6
9. b3 Nc7 10. Qd2 Qd7 11. Bb2 Bf7 12. Nd1 exf4 13. exf4 d5 14. Nf2 a5 15. Bc3
a4 16. O-O O-O 17. Qc2 axb3 18. axb3 Ng4 19. Nxg4 fxg4 20. f5 Rxa1 21. Bxa1 Ne8
22. Be5 Bf6 23. d4 Qe7 24. cxd5 Bxe5 25. dxe5 Qxe5 26. dxc6 bxc6 27. Qe4 Qxe4
28. Bxe4 1/2-1/2

[Event "XXIII Festival A"]
[Site "Porto San Giorgio ITA"]
[Date "2011.08.25"]
[Round "6"]
[White "Cipollaro, Giovanni"]
[Black "Pepe, Mario"]
[Result "1/2-1/2"]
[WhiteElo "1866"]
[BlackElo "1999"]
[PlyCount "55"]
[EventDate "2011.08.21"]

1. d4 Nf6 2. Nf3 d5 3. e3 g6 4. c4 c6 5. Nc3 Bg7 6. Qb3 O-O 7. cxd5 cxd5 8. Bd3
Nc6 9. O-O Re8 10. Rd1 Na5 11. Qc2 Bg4 12. Be2 Rc8 13. Bd2 Ne4 14. Rac1 Nc4 15.
Be1 Nxc3 16. Bxc3 b5 17. Qb1 a5 18. b3 Nd6 19. a3 Qb6 20. Ba1 Ne4 21. Rxc8 Rxc8
22. Rc1 Bf8 23. Rxc8 Bxc8 24. b4 Nd6 25. Ne5 f6 26. Nd3 Bf5 27. Qa2 Bxd3 28.
Qxd5+ 1/2-1/2

[Event "XXIII Festival A"]
[Site "Porto San Giorgio ITA"]
[Date "2011.08.25"]
[Round "6"]
[White "Cocuzzi, Edoardo"]
[Black "Arnetta, Maria Teresa"]
[Result "1-0"]
[WhiteElo "1926"]
[BlackElo "2069"]
[PlyCount "103"]
[EventDate "2011.08.21"]

1. e4 e6 2. d4 d5 3. exd5 exd5 4. Bd3 Nc6 5. c3 Bd6 6. Nf3 Bg4 7. h3 Bh5 8. Be3
Nge7 9. Nbd2 Qd7 10. Qc2 O-O-O 11. O-O-O Bg6 12. Nh4 Bxd3 13. Qxd3 Kb8 14. f4
Rde8 15. Ndf3 f6 16. g4 Na5 17. b3 Qc6 18. Kb2 Qb6 19. Nd2 Nec6 20. Rhe1 g6 21.
a3 Nxb3 22. Ka2 Nxd2 23. Rxd2 Qa5 24. Ka1 Bxf4 25. Ng2 Bd6 26. Rb1 Qa4 27. Bf4
Na5 28. Bxd6 cxd6 29. Rb4 Qxa3+ 30. Kb1 Nb3 31. Rb2 Qa1+ 32. Kc2 Qf1 33. Kxb3
Re7 34. Qb5 Qd1+ 35. Ka2 Ka8 36. Qxd5 Rb8 37. Nf4 Re1 38. Rb1 Qc2+ 39. R1b2 Qd1
40. Ka3 Qa1+ 41. Qa2 Qc1 42. Nd3 Qxc3+ 43. R2b3 Qc7 44. Nxe1 Qc1+ 45. Rb2 Qxe1
46. Ra4 Rc8 47. Rc2 Re8 48. Kb2 a6 49. Qf7 Ka7 50. Qd7 Qe4 51. Qxd6 Re6 52.
Rxa6+ 1-0

[Event "XXIII Festival A"]
[Site "Porto San Giorgio ITA"]
[Date "2011.08.25"]
[Round "6"]
[White "De Felice, Michele"]
[Black "Mircoli, Filippo"]
[Result "1-0"]
[WhiteElo "1870"]
[BlackElo "1759"]
[PlyCount "63"]
[EventDate "2011.08.21"]

1. d4 e6 2. Nf3 Nf6 3. e3 d5 4. Bd3 c5 5. c3 Nc6 6. Nbd2 b6 7. O-O Bb7 8. Qe2
Be7 9. e4 dxe4 10. Nxe4 cxd4 11. cxd4 Nxd4 12. Nxd4 Qxd4 13. Bb5+ Nd7 14. Nc3
O-O-O 15. Be3 Qf6 16. Ba6 Nc5 17. Bxb7+ Kxb7 18. a4 Nb3 19. Rad1 Qf5 20. Nb5 a6
21. Na3 Bxa3 22. bxa3 Rd5 23. Rxd5 Qxd5 24. Rd1 Qc6 25. Rb1 Nc5 26. a5 b5 27.
Rc1 Qc7 28. Bxc5 Qxa5 29. Qf3+ Kb8 30. Bd6+ Ka7 31. Rc7+ Kb8 32. Qb7# 1-0

[Event "XXIII Festival A"]
[Site "Porto San Giorgio ITA"]
[Date "2011.08.25"]
[Round "6"]
[White "De Nisi, Giuseppe"]
[Black "Moroni, Luca jr"]
[Result "0-1"]
[WhiteElo "1818"]
[BlackElo "1964"]
[PlyCount "86"]
[EventDate "2011.08.21"]

1. d4 d5 2. c4 e6 3. Nc3 c6 4. cxd5 exd5 5. Bf4 Bd6 6. Bxd6 Qxd6 7. Nf3 Ne7 8.
e3 O-O 9. Bd3 Bf5 10. h4 Qg6 11. Bxf5 Nxf5 12. g3 Nd7 13. Nh2 Rfe8 14. Qg4 Qxg4
15. Nxg4 Nxd4 16. O-O-O Ne6 17. f4 Nec5 18. Rhe1 h5 19. Nf2 Nf6 20. Rd4 Rad8
21. e4 Ncxe4 22. Nfxe4 Nxe4 23. Nxe4 f5 24. Nf6+ gxf6 25. Rxe8+ Rxe8 26. Rd3
Kf7 27. Kc2 Ke6 28. Kc3 Kd6 29. a3 Re4 30. b3 c5 31. Kd2 b5 32. Kc3 Re2 33. Rf3
d4+ 34. Kd3 Re3+ 35. Rxe3 dxe3 36. Kxe3 Kd5 37. Kd3 c4+ 38. bxc4+ bxc4+ 39. Kc3
Kc5 40. a4 a5 41. Kc2 Kb4 42. Kb2 Kxa4 43. Kc3 Kb5 0-1

[Event "XXIII Festival A"]
[Site "Porto San Giorgio ITA"]
[Date "2011.08.25"]
[Round "6"]
[White "Di Donatantonio, Franco"]
[Black "Tomasini, Giovanni"]
[Result "1-0"]
[WhiteElo "2143"]
[BlackElo "1982"]
[PlyCount "73"]
[EventDate "2011.08.21"]

1. d3 e5 2. Nf3 Nc6 3. e4 Nf6 4. Be2 h6 5. O-O d6 6. c3 Be7 7. h3 g5 8. Nh2 d5
9. Nd2 Be6 10. Re1 dxe4 11. dxe4 Qd7 12. b4 a6 13. a4 h5 14. Qc2 g4 15. h4 g3
16. fxg3 Bg4 17. Ndf1 Rd8 18. Rd1 Qe6 19. Bg5 Bxe2 20. Qxe2 Ng4 21. Rxd8+ Nxd8
22. Bxe7 Kxe7 23. Nxg4 hxg4 24. Ne3 Rg8 25. Rf1 c6 26. Rf5 f6 27. Rh5 Nf7 28.
Nf5+ Ke8 29. Rh7 Qd7 30. Nh6 Rf8 31. Nxg4 Qe6 32. Qf3 Nd6 33. Ne3 Qb3 34. Nf5
Qb1+ 35. Kh2 Nc4 36. Qh5+ Kd8 37. Qh6 1-0

[Event "XXIII Festival A"]
[Site "Porto San Giorgio ITA"]
[Date "2011.08.25"]
[Round "6"]
[White "Di Lascio, Savino"]
[Black "Suvrajit, Saha"]
[Result "0-1"]
[WhiteElo "1982"]
[BlackElo "2362"]
[PlyCount "60"]
[EventDate "2011.08.21"]

1. Nf3 Nf6 2. g3 b5 3. Bg2 Bb7 4. O-O e6 5. c3 c5 6. a4 b4 7. a5 a6 8. d4 Nc6
9. Qa4 Be7 10. Rd1 Qc8 11. Bf4 O-O 12. Nbd2 bxc3 13. bxc3 Nd5 14. Rdc1 Nxf4 15.
gxf4 Qc7 16. e3 Rab8 17. Kh1 Ba8 18. Nc4 Rb5 19. Nfe5 Nxe5 20. fxe5 Bxg2+ 21.
Kxg2 f6 22. f4 cxd4 23. cxd4 fxe5 24. dxe5 Qb7+ 25. Kg3 g5 26. Qd1 gxf4+ 27.
exf4 Rb3+ 28. Ne3 Rxe3+ 29. Kf2 Rxf4+ 30. Kg1 Rxe5 0-1

[Event "XXIII Festival A"]
[Site "Porto San Giorgio ITA"]
[Date "2011.08.25"]
[Round "6"]
[White "Di Mantino, Mauro"]
[Black "Proietti, Tosca"]
[Result "1-0"]
[WhiteElo "1954"]
[BlackElo "1821"]
[PlyCount "79"]
[EventDate "2011.08.21"]

1. b3 Nf6 2. Bb2 d6 3. f4 c6 4. Nf3 Bg4 5. e3 Nbd7 6. Be2 Qc7 7. O-O O-O-O 8.
Ng5 Bxe2 9. Qxe2 Rg8 10. Nxf7 Re8 11. Ng5 e5 12. f5 Be7 13. Ne6 Qb6 14. a4 c5
15. Na3 Qc6 16. Nc4 g6 17. d4 gxf5 18. Na5 Qd5 19. dxe5 dxe5 20. Qf3 Bd6 21.
Qe2 Rxe6 22. Rad1 Qe4 23. Rf3 Bc7 24. Nc4 Nb6 25. Nd2 Qg4 26. h3 Qg6 27. a5
Nbd5 28. Nc4 Ne4 29. Rxd5 f4 30. Nxe5 Bxe5 31. Bxe5 Qg5 32. exf4 Qf5 33. Re3
Reg6 34. g4 Qf7 35. c4 Qf5 36. Rxe4 Rxg4+ 37. hxg4 Rxg4+ 38. Kf1 Rg3 39. Rxc5+
Kd8 40. Bc7+ 1-0

[Event "XXIII Festival A"]
[Site "Porto San Giorgio ITA"]
[Date "2011.08.25"]
[Round "6"]
[White "Di Muccio, Lindoro"]
[Black "Crafa, Carmine"]
[Result "1/2-1/2"]
[WhiteElo "1964"]
[BlackElo "1805"]
[PlyCount "96"]
[EventDate "2011.08.21"]

1. d4 d5 2. c4 dxc4 3. Nc3 e5 4. d5 c6 5. e4 Nf6 6. Bg5 Bb4 7. Bxf6 Bxc3+ 8.
bxc3 Qxf6 9. Bxc4 Qg6 10. Qf3 Bg4 11. Qe3 O-O 12. h3 Bd7 13. Nf3 cxd5 14. exd5
e4 15. Nd4 Na6 16. Bxa6 bxa6 17. O-O f5 18. Rfe1 Rae8 19. Qf4 Qf6 20. h4 h6 21.
Re3 Re7 22. Rg3 g6 23. Qxh6 Rg7 24. Qg5 Qd6 25. c4 f4 26. Rb3 Qc5 27. Ne6 Bxe6
28. dxe6 Qxg5 29. hxg5 Re8 30. Rd1 Rge7 31. Rd7 Rxe6 32. Rbb7 e3 33. fxe3 fxe3
34. Kf1 e2+ 35. Ke1 Rc6 36. Re7 Rxe7 37. Rxe7 Rxc4 38. Rxe2 Rg4 39. Re6 Rxg5
40. Rxa6 Rxg2 41. Rxa7 g5 42. a4 g4 43. a5 g3 44. Kf1 Ra2 45. a6 g2+ 46. Kg1
Kh8 47. Ra8+ Kg7 48. a7 Kh7 1/2-1/2

[Event "XXIII Festival A"]
[Site "Porto San Giorgio ITA"]
[Date "2011.08.25"]
[Round "6"]
[White "Di Pietro, Gabriele"]
[Black "Conti, Ferdinando"]
[Result "1/2-1/2"]
[WhiteElo "1840"]
[BlackElo "1800"]
[PlyCount "66"]
[EventDate "2011.08.21"]

1. e4 c5 2. c3 Nf6 3. e5 Nd5 4. d4 cxd4 5. Bc4 Nb6 6. Bb3 d5 7. cxd4 Nc6 8. Nc3
a6 9. Nge2 Bf5 10. O-O e6 11. a3 Be7 12. Bc2 Bxc2 13. Qxc2 O-O 14. Be3 Nc4 15.
Rfc1 Rc8 16. b4 Nxe3 17. fxe3 b5 18. Qd2 Qd7 19. Rc2 Bg5 20. Rac1 Qb7 21. Nf4
Qb6 22. Nce2 Ne7 23. Rxc8 Rxc8 24. Rxc8+ Nxc8 25. Qc3 Qb7 26. Kf2 Nb6 27. Nc1
Nc4 28. Ncd3 Qc6 29. Nc5 g6 30. g3 Be7 31. Ne2 Bg5 32. Nf4 Be7 33. Ne2 Bg5
1/2-1/2

[Event "XXIII Festival A"]
[Site "Porto San Giorgio ITA"]
[Date "2011.08.25"]
[Round "6"]
[White "Dvirnyy, Danyyil"]
[Black "Banusz, Tamas"]
[Result "0-1"]
[WhiteElo "2436"]
[BlackElo "2554"]
[PlyCount "194"]
[EventDate "2011.08.21"]

1. e4 e5 2. Nf3 Nc6 3. Bb5 a6 4. Ba4 Nf6 5. O-O Be7 6. Re1 b5 7. Bb3 d6 8. c3
O-O 9. d4 Bg4 10. d5 Na5 11. Bc2 c6 12. h3 Bc8 13. dxc6 Qc7 14. Nbd2 Qxc6 15.
Nf1 Nc4 16. a4 Be6 17. Ng3 Rfe8 18. Ng5 Bd7 19. b3 Na5 20. Bd2 h6 21. Nf3 Bd8
22. axb5 axb5 23. Nh4 Be6 24. Nhf5 Rc8 25. Re3 Nb7 26. Qe2 Nc5 27. b4 Bc4 28.
Qd1 Ne6 29. Qc1 d5 30. exd5 Bxd5 31. Rxe5 Bxg2 32. Kh2 Bc7 33. Re1 Nh5 34. c4
Nhf4 35. Bxf4 Bxf4 36. Qb2 f6 37. Rxe6 Rxe6 38. c5 Be5 39. Qa2 Bd5 40. Bb3 Bxb3
41. Qxb3 Kh8 42. Ra7 Qe4 43. Kg1 Qc4 44. Qf3 Rg8 45. Ne7 Rxe7 46. Rxe7 Qxb4 47.
Ne4 Qd4 48. c6 Qc4 49. Nd2 Qc1+ 50. Nf1 Rc8 51. Qg4 Qg5 52. Qxg5 hxg5 53. Rb7
Rxc6 54. Rxb5 Bf4 55. Rb2 Kh7 56. Kg2 Kg6 57. Ng3 Bxg3 58. fxg3 Rc7 59. Rb3 Kf7
60. Rb4 g6 61. h4 gxh4 62. Rxh4 Rc2+ 63. Kf3 Rc3+ 64. Kf2 Ke6 65. Ra4 Kf5 66.
Ra5+ Kg4 67. Ra4+ Kg5 68. Ra5+ f5 69. Ra4 Rd3 70. Rb4 Rd6 71. Kf3 Re6 72. Ra4
Re1 73. Rb4 Rh1 74. Kg2 Re1 75. Kf3 Ra1 76. Rc4 Ra3+ 77. Kf2 Kh5 78. Rh4+ Kg5
79. Rb4 Ra2+ 80. Kf3 Rh2 81. Ra4 Kh5 82. Ra5 Kh6 83. Rb5 Ra2 84. Rb4 Ra3+ 85.
Kf2 g5 86. g4 f4 87. Rb6+ Kg7 88. Rb5 Kf6 89. Rb6+ Ke5 90. Rg6 Ke4 91. Re6+ Kd4
92. Rd6+ Ke5 93. Rg6 Rb3 94. Rxg5+ Ke4 95. Rf5 Rb2+ 96. Kg1 Kf3 97. Ra5 Kg3 0-1

[Event "XXIII Festival A"]
[Site "Porto San Giorgio ITA"]
[Date "2011.08.25"]
[Round "6"]
[White "Esposito, Luca"]
[Black "Ciampi, Vincenzo"]
[Result "1-0"]
[WhiteElo "2235"]
[BlackElo "2101"]
[PlyCount "73"]
[EventDate "2011.08.21"]

1. d4 e6 2. Nf3 Nf6 3. g3 b5 4. Bg2 Bb7 5. O-O c5 6. a4 b4 7. c4 cxd4 8. Nbd2
Be7 9. Nb3 d6 10. Nbxd4 O-O 11. b3 Na6 12. Bd2 d5 13. Ne5 Rc8 14. Nb5 Bc5 15.
Nd3 Ne4 16. Bxe4 dxe4 17. Nxc5 Nxc5 18. Bxb4 Qg5 19. Bxc5 Rxc5 20. Qd6 e3 21.
f3 Rd8 22. f4 Rxd6 23. fxg5 Rd2 24. Rad1 Rxg5 25. Rxd2 exd2 26. Rd1 h5 27. Rxd2
h4 28. Rd8+ Kh7 29. Nd6 Bc6 30. Rc8 hxg3 31. Rxc6 gxh2+ 32. Kxh2 Re5 33. Nxf7
Rxe2+ 34. Kg3 Re3+ 35. Kf4 Rxb3 36. Ng5+ Kg6 37. Nxe6 1-0

[Event "XXIII Festival A"]
[Site "Porto San Giorgio ITA"]
[Date "2011.08.25"]
[Round "6"]
[White "Faccia, Sergio"]
[Black "Guglielmi, Dante"]
[Result "1/2-1/2"]
[WhiteElo "2078"]
[BlackElo "1878"]
[PlyCount "85"]
[EventDate "2011.08.21"]

1. e4 c5 2. b4 d6 3. bxc5 dxc5 4. Nf3 Nf6 5. Nc3 g6 6. Rb1 Bg7 7. Bc4 O-O 8.
O-O e6 9. a4 Nc6 10. d3 Ng4 11. Ne2 Nge5 12. Nxe5 Nxe5 13. Bb3 b6 14. Bb2 Ba6
15. f4 c4 16. fxe5 cxb3 17. c4 Qc7 18. Ba3 Bxe5 19. Bxf8 Bxh2+ 20. Kh1 Rxf8 21.
Qxb3 Bd6 22. Rf3 Qc5 23. Qb2 Bb7 24. Qb5 Qc7 25. a5 Bc5 26. axb6 axb6 27. Qb2
Qd6 28. Qf6 Qc7 29. Rbf1 Be7 30. Qf4 Bd6 31. Qh6 Be5 32. Rh3 f5 33. d4 Bh8 34.
Nf4 Rf7 35. exf5 Rxf5 36. d5 e5 37. d6 Qd7 38. Nxg6 Rxf1+ 39. Kh2 Qf7 40. d7
Rd1 41. Ne7+ Qxe7 42. Rg3+ Bg7 43. Rxg7+ 1/2-1/2

[Event "XXIII Festival A"]
[Site "Porto San Giorgio ITA"]
[Date "2011.08.25"]
[Round "6"]
[White "Fagnani, Alessandro"]
[Black "Stella, Luca"]
[Result "0-1"]
[WhiteElo "1955"]
[BlackElo "2090"]
[PlyCount "40"]
[EventDate "2011.08.21"]

1. e4 g6 2. d4 Bg7 3. Nc3 c5 4. Nf3 cxd4 5. Nxd4 Nc6 6. Be3 Nf6 7. Bc4 O-O 8.
f3 Qb6 9. Qd2 Nxe4 10. Nxc6 Nxd2 11. Nxe7+ Kh8 12. Bxb6 Nxc4 13. Bc7 Bxc3+ 14.
bxc3 Re8 15. O-O-O Rxe7 16. Rhe1 Re6 17. Rxe6 fxe6 18. Rd4 d5 19. Rf4 Kg8 20.
h4 e5 0-1

[Event "XXIII Festival A"]
[Site "Porto San Giorgio ITA"]
[Date "2011.08.25"]
[Round "6"]
[White "Foglia, Maurizio"]
[Black "Sagripanti, Michele"]
[Result "1-0"]
[WhiteElo "2213"]
[BlackElo "1990"]
[PlyCount "65"]
[EventDate "2011.08.21"]

1. d4 Nf6 2. Nf3 g6 3. Nc3 d5 4. Bf4 Bg7 5. Qd2 O-O 6. Bh6 Ne4 7. Nxe4 dxe4 8.
Bxg7 Kxg7 9. Ng5 Bf5 10. g4 Bxg4 11. Nxe4 Nc6 12. d5 Ne5 13. O-O-O Qd7 14. f4
Bf5 15. Nc5 Qd6 16. Qc3 b6 17. Nb3 f6 18. fxe5 fxe5 19. Bg2 a5 20. Nd2 b5 21.
Nf3 Kf6 22. Rhf1 b4 23. Qc4 Kg7 24. Ng5 Rf6 25. Ne4 Bxe4 26. Bxe4 Ra6 27. Rf3
Rb6 28. h4 a4 29. Rh1 b3 30. a3 bxc2 31. h5 Qd7 32. hxg6 hxg6 33. Rfh3 1-0